logo

Bir Sreshtho Munshi Abdur Rouf Library
Jhenaidah Cadet College

Problems and methods in high school teaching / (Record no. 7428)

MARC details
000 -LEADER
fixed length control field 00672cam a22002531 4500
001 - CONTROL NUMBER
JCCL Control Number 7428
003 - CONTROL NUMBER IDENTIFIER
JCCL marc code BD-JhCC
005 - DATE AND TIME OF LATEST TRANSACTION
control field 20180418174323.0
008 - FIXED-LENGTH DATA ELEMENTS--GENERAL INFORMATION
fixed length control field 761009s1963 mau 000 0 eng
035 ## - SYSTEM CONTROL NUMBER
system control number (BD-JhCC)7428
040 ## - CATALOGING SOURCE
Original cataloging agency DLC
Transcribing agency IEN
Modifying agency DLC
-- BD-JhCC
041 ## - LANGUAGE CODE
Language code of Book eng
050 00 - LIBRARY OF CONGRESS CALL NUMBER
Classification number LB2157.A3
Item number D7
082 00 - DEWEY DECIMAL CLASSIFICATION NUMBER
Classification number 373
Author mark and Year DRY 1963
100 1# - MAIN ENTRY--PERSONAL NAME
Personal name Drayer, Adam M.
245 10 - TITLE STATEMENT
Title Problems and methods in high school teaching /
Statement of responsibility, etc Adam M. Drayer,
260 ## - PUBLICATION, DISTRIBUTION, ETC. (IMPRINT)
Place of publication, distribution, etc Boston,
Name of publisher, distributor, etc Heath
Date of publication, distribution, etc [1963]
300 ## - PHYSICAL DESCRIPTION
Pagination 303 p.
Dimensions 21 cm.
650 #0 - SUBJECT ADDED ENTRY--TOPICAL TERM
Topical term or geographic name as entry element Classroom management.
650 #0 - SUBJECT ADDED ENTRY--TOPICAL TERM
Topical term or geographic name as entry element Student teaching.
650 #0 - SUBJECT ADDED ENTRY--TOPICAL TERM
Topical term or geographic name as entry element High school students
General subdivision Discipline.
942 ## - ADDED ENTRY ELEMENTS (KOHA)
Source of classification or shelving scheme Dewey Decimal Classification
Koha item type Books
Holdings
Source of classification or shelving scheme Damaged status Not for loan Home library Current library Shelving location Total Checkouts Full call number Barcode Date last seen Copy number Koha item type
Dewey Decimal Classification     JCC Rouf Library JCC Rouf Library General Stacks   373 DRY 1963 949 02/10/2018 C - 1 Books

JCC Library | Contacts | JCC Home

Last Update on 23 September 2017
Copyright @ 2017-2020 JCC Rouf Library
Rouf Library, Jhenidah Cadet College (JCC), Bangladesh